weed growth on different soil types in kampong chhnang province ( រុក្ខជាតិចង្រៃដុះទៅលើប្រភេទដីផ្សេងៗ ក្នុងខេត្តកំពង់ឆ្នាំង) (Record no. 875)

000 -LEADER
fixed length control field 00598nam a22001577a 4500
003 - CONTROL NUMBER IDENTIFIER
control field OSt
005 - DATE AND TIME OF LATEST TRANSACTION
control field 20150920093330.0
008 - FIXED-LENGTH DATA ELEMENTS--GENERAL INFORMATION
fixed length control field 150920b xxu||||| |||| 00| 0 eng d
040 ## - CATALOGING SOURCE
Transcribing agency RUA
082 ## - DEWEY DECIMAL CLASSIFICATION NUMBER
Classification number AGR CHH 2008 B037 Or.1
100 ## - MAIN ENTRY--PERSONAL NAME
9 (RLIN) 908
Personal name CHHOM, SOPHEAKTRA.
245 ## - TITLE STATEMENT
Title weed growth on different soil types in kampong chhnang province ( រុក្ខជាតិចង្រៃដុះទៅលើប្រភេទដីផ្សេងៗ ក្នុងខេត្តកំពង់ឆ្នាំង)
260 ## - PUBLICATION, DISTRIBUTION, ETC. (IMPRINT)
Place of publication, distribution, etc. Phnom Penh
Name of publisher, distributor, etc. RUA
Date of publication, distribution, etc. 2008
300 ## - PHYSICAL DESCRIPTION
Extent 41p.
Other physical details ill.
Dimensions 29cm.
942 ## - ADDED ENTRY ELEMENTS (KOHA)
Source of classification or shelving scheme
Koha item type AGR
Holdings
Price effective from Date last seen Permanent Location Not for loan Date acquired Source of classification or shelving scheme Koha item type Lost status Withdrawn status Date last checked out Total Checkouts Shelving location Damaged status Barcode Current Location Full call number
2015-09-202015-09-20Library Block B 2015-09-20 AGR    B037 RUA000971Library Block BAGR CHH 2008 B037 Or.1
2015-09-202015-09-20Library Block B 2015-09-20 AGR    B037 RUA000989Library Block BAGR CHH 2008 B037 Or.2
2015-09-202015-09-20Library Block B 2015-09-20 AGR    B037 RUA000959Library Block BAGR CHH 2008 B037 Or.3
2015-09-202015-09-20Library Block B 2015-09-20 AGR    B037 RUA000968Library Block BAGR CHH 2008 B037 Or.4
2015-09-202015-09-20Library Block B 2015-09-20 AGR    B037 RUA000970Library Block BAGR CHH 2008 B037 Or.5
2015-09-202015-09-20Library Block B 2015-09-20 AGR    B037 RUA000984Library Block BAGR CHH 2008 B037 Or.6
2015-09-202016-07-11Library Block B 2015-09-20 AGR  2016-07-051B037 RUA000917Library Block BAGR CHH 2008 B037 Or.7
2015-09-202016-02-15Library Block B 2015-09-20 AGR  2016-02-051B037 RUA000987Library Block BAGR CHH 2008 B037 Or.8
មជ្ឈមណ្ឌលឯការនៃសាកលវិទ្យាល័យភូមិន្ទកសិកម្មចំការដូង

Powered by Koha